000 01992nam a2200313 a 4500
001 77697
003 BD-RjUL
005 20211209083019.0
008 201228s2007 bg a|||| m||| 00| 0 ben d
035 _a(BD-RjUL)77923
040 _aBD-RjUL
_bben / eng
_cBD-RjUL
_dBD-RjUL
041 _aben
082 _a297.4095492
_bHUB 2007
_223
100 _aহুসাইন, মো. ইকবাল
_9243009
245 1 0 _aবাংলাদেশের মাজার সংস্কৃতি :
_bএকটি সমাজতাত্ত্বিক সমীক্ষা /
_cমো. ইকবাল হুসাইন
_6গবেষণা তত্ত্বাবধায়ক : আবুল হাসান চৌধুরী , এ. এইচ. এম. মোস্তাফিজুর রহমান
260 _aরাজশাহী :
_bফোকলোর বিভাগ, রাজশাহী বিশ্ববিদ্যালয়,
_c২০০৭
300 _axiii, ২৪৩ পাতা :
_bচিত্র ;
_c২৮ সেমি.
502 _aথিসিস (পিএইচ. ডি.) -- ফোকলোর বিভাগ, রাজশাহী বিশ্ববিদ্যালয়, ২০০৭
504 _aগ্রন্থপঞ্জি : পাতা [২২৮] -২৩১
650 _aআধ্যাত্মিকতা
_zবাংলাদেশ
_9243326
650 _aSpirituality
_zBangladesh
_997596
650 _aসুফিবাদ
_zবাংলাদেশ
_9243327
650 _aSufism
_zBangladesh
_9243328
650 _aসুফিবাদ
_xমতবাদ
_9243329
650 _aSufism
_xDoctrines
_9243330
700 _aচৌধুরী, আবুল হাসান, গবেষণা তত্ত্বাবধায়ক
_9243012
700 _aরহমান, এ. এইচ. এম. মোস্তাফিজুর, যুগ্ম গবেষণা তত্ত্বাবধায়ক
_9243013
942 _2ddc
_cTHE
999 _c77697
_d77697